[Event "OP-2014-0-03227"]
[Site "Lechenicher SchachServer"]
[Date "2014.01.07"]
[Round "?"]
[White "Shapovalov, Sergey"]
[Black "Krause, Peter"]
[Result "0-1"]
[WhiteElo "1677"]
[BlackElo "2194"]
[PlyCount "60"]
[EventDate "2014.01.05"]

1. e4 e5 2. Nf3 Nc6 3. c3 d5 4. Qa4 Nf6 5. Nxe5 Bd6 6. Nxc6 bxc6 7. d3 O-O 8.
Be2 Re8 9. Bg5 Rb8 10. Qc2 h6 11. Bxf6 Qxf6 12. Nd2 Qg6 13. g3 Ba6 14. O-O h5
15. Bf3 h4 16. Rfe1 hxg3 17. hxg3 Bxg3 18. fxg3 Qxg3+ 19. Kf1 Re6 20. b4 Rd8
21. Ke2 dxe4 22. Nxe4 Bxd3+ 23. Qxd3 Rxd3 24. Kxd3 Qxf3+ 25. Re3 Qh5 26. c4 f5
27. Nc5 Rxe3+ 28. Kxe3 Qh6+ 29. Ke2 Qh2+ 30. Kd3 a5 0-1

[Event "Remote No Engine Nah2-12 email"]
[Site "Remote email"]
[Date "2014.01.05"]
[Round "?"]
[White "Tortoza, Carlos Alberto"]
[Black "Guelker, Lorenz"]
[Result "0-1"]
[WhiteElo "1633"]
[BlackElo "2043"]
[PlyCount "62"]
[EventDate "2014.??.??"]
[EventType "tourn (corr)"]
[EventRounds "6"]
[EventCountry "GER"]
[SourceTitle "OM Corr 202003"]
[Source "Opening Master"]
[SourceDate "2019.05.30"]
[SourceVersion "2"]
[SourceVersionDate "2019.05.30"]
[SourceQuality "1"]

1. e4 e5 2. Nf3 Nc6 3. c3 Nf6 4. d3 g6 5. Be2 Bg7 6. Bg5 h6 7. Bh4 g5 8. Bg3
O-O 9. O-O d5 10. Nxe5 Nxe5 11. Bxe5 dxe4 12. Bxf6 Bxf6 13. dxe4 Qe7 14. Qc2 b6
15. Bh5 Bb7 16. Nd2 Rad8 17. Rfe1 Qd6 18. Nf3 Be5 19. Nxe5 Qxe5 20. f3 a5 21.
Rad1 f5 22. Bg6 Rxd1 23. Rxd1 fxe4 24. Re1 Qc5+ 25. Kh1 exf3 26. h3 fxg2+ 27.
Kh2 Rf1 28. Rxf1 gxf1=Q 29. Qb3+ Bd5 30. Bh7+ Kxh7 31. Qc2+ Kg7 0-1

[Event "Rilton Cup 43rd"]
[Site "Stockholm"]
[Date "2014.01.04"]
[Round "8"]
[White "Soderberg, Per"]
[Black "Furhoff, Johan"]
[Result "0-1"]
[WhiteElo "2183"]
[BlackElo "2318"]
[PlyCount "46"]
[EventDate "2013.12.27"]
[EventType "swiss"]
[EventRounds "9"]
[EventCountry "SWE"]
[SourceTitle "CBM 158 Extra"]
[Source "ChessBase"]
[SourceDate "2014.02.28"]
[SourceVersion "1"]
[SourceVersionDate "2014.02.28"]
[SourceQuality "1"]

1. e4 e5 2. Nf3 Nc6 3. c3 d5 4. Qa4 f6 5. d3 Nge7 6. Be2 Be6 7. O-O Ng6 8. Be3
a6 9. exd5 Qxd5 10. d4 e4 11. Nfd2 f5 12. f3 exf3 13. Bxf3 Qd7 14. c4 Be7 15.
Nc3 Bf7 16. Rae1 O-O 17. Nb3 Be8 18. Bf2 Rb8 19. c5 Nce5 20. Bd5+ Qxd5 21. Qxe8
Nf3+ 22. gxf3 Qxf3 23. Qxe7 Nf4 0-1

[Event "POL-chT3 Kujawsko Pomorskie 1314"]
[Site "Poland"]
[Date "2014.??.??"]
[Round "11.11"]
[White "Zebracki, Tomasz"]
[Black "Karpus, Michal"]
[Result "1-0"]
[WhiteElo "2000"]
[BlackElo "1881"]
[PlyCount "43"]
[EventDate "2013.11.03"]
[EventType "team-tourn"]
[EventRounds "11"]
[EventCountry "POL"]
[SourceTitle "OM OTB B 201907"]
[Source "Opening Master"]
[SourceDate "2019.07.06"]
[SourceVersion "2"]
[SourceVersionDate "2019.07.06"]
[SourceQuality "1"]

1. e4 e5 2. Nf3 Nc6 3. c3 Nf6 4. d4 exd4 5. e5 Nd5 6. cxd4 d6 7. exd6 Qxd6 8.
Nc3 Be7 9. Bd3 Bg4 10. O-O O-O-O 11. Be4 Nxc3 12. bxc3 Rhe8 13. Rb1 Bf6 14. Qd3
b6 15. Bf4 Qe6 16. Qa6+ Kd7 17. Qb7 Rc8 18. d5 Qxe4 19. dxc6+ Kd8 20. Rbd1+ Ke7
21. Rfe1 Bxf3 22. gxf3 1-0

[Event "Zhukovsky Winter op"]
[Site "Zhukovsky"]
[Date "2014.??.??"]
[Round "7"]
[White "Kots, Dmitry"]
[Black "Rigovich, Albert"]
[Result "0-1"]
[WhiteElo "1797"]
[BlackElo "1949"]
[PlyCount "44"]
[EventDate "2014.11.22"]
[EventType "swiss"]
[EventRounds "9"]
[EventCountry "RUS"]
[SourceTitle "EXT 2016"]
[Source "ChessBase"]
[SourceDate "2015.10.10"]
[SourceVersion "1"]
[SourceVersionDate "2015.10.10"]
[SourceQuality "1"]

1. e4 e5 2. Nf3 Nc6 3. c3 d5 4. Bb5 dxe4 5. Nxe5 Qd5 6. Qa4 Nge7 7. d4 exd3 8.
Nxd3 Qxg2 9. Rf1 Bf5 10. Bf4 O-O-O 11. Ne5 Nxe5 12. Bxe5 Qe4+ 13. Qxe4 Bxe4 14.
Nd2 Bc2 15. Bc4 Nc6 16. Bf4 Re8+ 17. Be3 Ne5 18. b3 Bc5 19. Ke2 Ng4 20. Bxf7
Bxe3 21. Bxe8 Rxe8 22. fxe3 Rxe3# 0-1

[Event "2014 Georgia Grade Level Championships"]
[Site "LIVE"]
[Date "2014.??.??"]
[Round "4"]
[White "Skyler Patrick Kelly"]
[Black "Eisenhauer, Stephen E"]
[Result "0-1"]
[WhiteElo "1444"]
[BlackElo "1595"]
[PlyCount "148"]
[SourceTitle "OM OTB B 201907"]
[Source "Opening Master"]
[SourceDate "2019.07.06"]
[SourceVersion "2"]
[SourceVersionDate "2019.07.06"]
[SourceQuality "1"]

1. e4 e5 2. Nf3 Nc6 3. c3 Nf6 4. d4 exd4 5. e5 Qe7 6. Qe2 Nd5 7. cxd4 d6 8.
exd6 Qxe2+ 9. Bxe2 Bxd6 10. O-O Bg4 11. Be3 O-O-O 12. Nc3 Nf6 13. d5 Bxf3 14.
Bxf3 Ne5 15. Be2 Kb8 16. Rfd1 Bb4 17. Rac1 Bxc3 18. Rxc3 Rhe8 19. Rc2 Rxd5 20.
Rdc1 Nc6 21. Bf3 Ne4 22. Rc4 Rde5 23. Bf4 R5e7 24. g3 g5 25. Be3 Ne5 26. Rxe4
Nxf3+ 27. Kg2 Rxe4 28. Kxf3 h6 29. Rc3 f5 30. Ra3 a6 31. Rc3 Rb4 32. b3 Re6 33.
Rc5 Rb5 34. Rc4 Ra5 35. Rd4 Kc8 36. a4 Rae5 37. Rd3 Rd6 38. Rc3 Red5 39. Rc4
Kd7 40. Rc2 Rc6 41. Ra2 Rd3 42. Kg2 Rxb3 43. Rd2+ Rd6 44. Rc2 Rbd3 45. a5 Rc6
46. Rb2 Kc8 47. Re2 Rd5 48. Ra2 Re6 49. Ra3 Ree5 50. Rc3 Re6 51. Ra3 Rb5 52.
Bd2 Rd6 53. Be1 Rd1 54. Bc3 Rd3 55. Bb2 Rxa3 56. Bxa3 Rxa5 57. Bf8 h5 58. Be7
g4 59. h3 Ra4 60. hxg4 hxg4 61. Bg5 c5 62. Kf1 Ra2 63. Ke1 b5 64. Bd2 c4 65.
Kd1 a5 66. Be3 b4 67. Kc1 b3 68. Kb1 a4 69. Bd4 a3 70. Ba1 Rxf2 71. Bb2 Rxb2+
72. Kc1 c3 73. Kd1 a2 74. Ke1 a1=Q# 0-1

[Event "Bialystok Wiosna qual"]
[Site "Bialystok"]
[Date "2014.??.??"]
[Round "3"]
[White "Klimaszewski, Dariusz"]
[Black "Bartoszewicz, Marcin"]
[Result "1-0"]
[WhiteElo "2178"]
[BlackElo "1888"]
[PlyCount "91"]
[EventDate "2014.04.??"]
[EventType "swiss"]
[EventRounds "9"]
[EventCountry "POL"]
[SourceTitle "EXT 2016"]
[Source "ChessBase"]
[SourceDate "2015.10.10"]
[SourceVersion "1"]
[SourceVersionDate "2015.10.10"]
[SourceQuality "1"]

1. e4 e5 2. Nf3 Nc6 3. c3 Nf6 4. d4 exd4 5. e5 Nd5 6. cxd4 d6 7. Bc4 Nb6 8. Bb3
d5 9. h3 Be7 10. Nc3 Be6 11. O-O g5 12. Ne1 h5 13. f4 gxf4 14. Bxf4 Qd7 15. Bc2
O-O-O 16. Kh2 Rdg8 17. Na4 Nb4 18. Nxb6+ cxb6 19. Ba4 Nc6 20. Rc1 Kb8 21. a3 a6
22. b4 b5 23. Bc2 Rc8 24. Nf3 Rhg8 25. Qd2 Ka8 26. Qd3 Na7 27. Bb1 Rxc1 28.
Rxc1 Nc8 29. Rf1 Nb6 30. Bc1 Qc8 31. Nd2 h4 32. Nb3 Qc4 33. Nc5 Rg3 34. Qxc4
Nxc4 35. Rf3 Rg7 36. g4 b6 37. Nxe6 fxe6 38. Bh6 Rg8 39. Bh7 Rh8 40. Rf7 Bd8
41. g5 Bxg5 42. Bxg5 Nxa3 43. Bxh4 Rc8 44. Be7 Nc2 45. Bxc2 Rxc2+ 46. Kg3 1-0

[Event "Pinneberg op Seniors 15th"]
[Site "Pinneberg"]
[Date "2014.??.??"]
[Round "3"]
[White "Ziehm, Holger"]
[Black "Schwirz, Horst"]
[Result "1/2-1/2"]
[WhiteElo "1513"]
[BlackElo "1319"]
[PlyCount "39"]
[EventDate "2014.07.03"]
[EventType "swiss"]
[EventRounds "7"]
[EventCountry "GER"]
[SourceTitle "OM OTB B 201907"]
[Source "Opening Master"]
[SourceDate "2019.07.06"]
[SourceVersion "2"]
[SourceVersionDate "2019.07.06"]
[SourceQuality "1"]

1. e4 e5 2. Nf3 Nc6 3. c3 Nf6 4. d4 exd4 5. e5 Qe7 6. cxd4 d6 7. Bb5 dxe5 8.
Nxe5 Bd7 9. O-O Nxe5 10. Bxd7+ Nfxd7 11. dxe5 O-O-O 12. Qd4 Qc5 13. Qxc5 Bxc5
14. Bf4 Rhe8 15. Bg5 f6 16. exf6 Nxf6 17. Nc3 Be7 18. Bf4 a6 19. Rac1 Bd6 20.
Bxd6 1/2-1/2

[Event "Pinneberg-ch"]
[Site "Pinneberg"]
[Date "2014.??.??"]
[Round "1"]
[White "Sagitow, Kamil"]
[Black "Atri, Jamshid"]
[Result "0-1"]
[WhiteElo "1410"]
[BlackElo "1917"]
[PlyCount "74"]
[EventDate "2014.08.21"]
[EventType "swiss"]
[EventRounds "7"]
[EventCountry "GER"]
[SourceTitle "OM OTB B 201907"]
[Source "Opening Master"]
[SourceDate "2019.07.06"]
[SourceVersion "2"]
[SourceVersionDate "2019.07.06"]
[SourceQuality "1"]

1. e4 e5 2. Nf3 Nc6 3. c3 d5 4. exd5 Qxd5 5. d3 Bf5 6. Be2 O-O-O 7. c4 Qd7 8.
O-O Bxd3 9. a3 Bxe2 10. Qxe2 Qd3 11. Qxd3 Rxd3 12. Nc3 f6 13. Nd5 Nge7 14. Ne3
Ng6 15. b4 Nf4 16. Rd1 Rxd1+ 17. Nxd1 Ne2+ 18. Kf1 Nxc1 19. Rxc1 Be7 20. Ne3
Rd8 21. Nf5 Bf8 22. Ke2 g6 23. Ng3 Nd4+ 24. Nxd4 Rxd4 25. Rc2 f5 26. f3 a5 27.
b5 Bxa3 28. Nf1 Bc5 29. g3 h5 30. Nd2 a4 31. Ra2 Bb4 32. Nf1 a3 33. Rc2 f4 34.
gxf4 exf4 35. h4 b6 36. Rc1 Ba5 37. Nd2 Rxd2+ 0-1

[Event "PHI-ch sf"]
[Site "Manila"]
[Date "2014.??.??"]
[Round "1"]
[White "Maribao, Alexis Emil"]
[Black "Amanggay, Faisal"]
[Result "1-0"]
[WhiteElo "2130"]
[BlackElo "1920"]
[PlyCount "119"]
[EventDate "2014.03.??"]
[EventType "swiss"]
[EventRounds "9"]
[EventCountry "PHI"]
[SourceTitle "EXT 2016"]
[Source "ChessBase"]
[SourceDate "2015.10.10"]
[SourceVersion "1"]
[SourceVersionDate "2015.10.10"]
[SourceQuality "1"]

1. e4 e5 2. Nf3 Nc6 3. c3 Nf6 4. d4 exd4 5. e5 Ne4 6. cxd4 Bb4+ 7. Nbd2 O-O 8.
Bd3 Nxd2 9. Bxd2 Bxd2+ 10. Qxd2 d6 11. Be4 dxe5 12. Bxc6 bxc6 13. dxe5 Bg4 14.
O-O-O Qe7 15. Qc3 Rab8 16. Kb1 Rb5 17. Rhe1 h6 18. Rd2 Rfb8 19. Ka1 Rc5 20. Qe3
Re8 21. Rde2 Ra5 22. Qc3 Rc5 23. Qe3 Ra5 24. Qc3 Rc5 25. Qa3 f6 26. Qb3+ Qf7
27. e6 Rxe6 28. Rxe6 Bxe6 29. Qe3 Rd5 30. Qxa7 Qd7 31. Qa4 Qd6 32. Rc1 c5 33.
h3 Bf7 34. Qc2 Qe6 35. b3 Qd6 36. Qc3 c6 37. Kb2 Bh5 38. Rc2 f5 39. a4 g5 40.
a5 g4 41. hxg4 fxg4 42. Nd2 Bg6 43. Nc4 Qd8 44. Rd2 Bd3 45. Ne3 Rd7 46. Nxg4
Rd4 47. Ne5 Bb5 48. Rxd4 cxd4 49. Qg3+ Qg5 50. Qxg5+ hxg5 51. Nd7 Kf7 52. Nc5
Kf6 53. a6 Bxa6 54. Nxa6 Ke5 55. Kc2 Ke4 56. Kd2 g4 57. Nc5+ Kd5 58. Nd3 c5 59.
Nxc5 Kxc5 60. Kd3 1-0

[Event "Rilton Cup 43rd"]
[Site "Stockholm"]
[Date "2013.12.29"]
[Round "3"]
[White "Soderberg, Per"]
[Black "Cederstam Barsk, Carl"]
[Result "1-0"]
[WhiteElo "2183"]
[BlackElo "2256"]
[PlyCount "111"]
[EventDate "2013.12.27"]
[EventType "swiss"]
[EventRounds "9"]
[EventCountry "SWE"]
[SourceTitle "CBM 158 Extra"]
[Source "ChessBase"]
[SourceDate "2014.02.28"]
[SourceVersion "1"]
[SourceVersionDate "2014.02.28"]
[SourceQuality "1"]

1. e4 e5 2. Nf3 Nc6 3. c3 d5 4. Qa4 f6 5. Bb5 Nge7 6. exd5 Qxd5 7. O-O e4 8.
Ne1 Be6 9. d4 a6 10. Be2 f5 11. Be3 b5 12. Qc2 Qd6 13. g3 Nd5 14. Ng2 Be7 15.
a4 Rb8 16. axb5 axb5 17. Na3 b4 18. Nb5 Qd7 19. c4 Nxe3 20. fxe3 Bf7 21. Qa4
O-O 22. Na7 Be8 23. Nxc6 Qxc6 24. Qxc6 Bxc6 25. Ra7 Rb7 26. Rfa1 Rfb8 27. Nf4
Bg5 28. c5 Bxf4 29. Bc4+ Kf8 30. gxf4 Ke7 31. d5 Be8 32. b3 Bf7 33. Rxb7 Rxb7
34. Ra8 h6 35. Ba6 Bxd5 36. Bxb7 Bxb7 37. Ra7 Bd5 38. Rxc7+ Kd8 39. Rxg7 Kc8
40. Rg2 Kc7 41. Rb2 Kc6 42. Kf2 Kxc5 43. Ke2 h5 44. Kd2 h4 45. Kc2 h3 46. Rb1
Bf7 47. Ra1 Kb5 48. Ra7 Bh5 49. Re7 Bg4 50. Re5+ Kc6 51. Kd2 Kb6 52. Ke1 Kc6
53. Re6+ Kd5 54. Ra6 Kc5 55. Rg6 Kd5 56. Rxg4 1-0

[Event "RB-2013-0-00235"]
[Site "Lechenicher SchachServer"]
[Date "2013.12.29"]
[Round "?"]
[White "Hatsek, Werner"]
[Black "Gubo, Jozef"]
[Result "1/2-1/2"]
[WhiteElo "1895"]
[BlackElo "1932"]
[PlyCount "61"]
[EventDate "2013.12.10"]
[EventType "tourn"]
[EventRounds "6"]
[SourceTitle "OM Corr 202003"]
[Source "Opening Master"]
[SourceDate "2019.05.30"]
[SourceVersion "2"]
[SourceVersionDate "2019.05.30"]
[SourceQuality "1"]

1. e4 e5 2. Nf3 Nc6 3. c3 d5 4. Qa4 f6 5. d3 a6 6. Be2 Be6 7. O-O Nge7 8. Be3
Qd7 9. Nbd2 O-O-O 10. Nb3 Ng6 11. exd5 Bxd5 12. d4 Kb8 13. dxe5 fxe5 14. Kh1
Nf4 15. Bxf4 Qg4 16. Rfd1 Qxf4 17. Qxf4 exf4 18. Rd2 Be7 19. Rad1 Bf7 20. Bd3
a5 21. Kg1 a4 22. Nc1 a3 23. bxa3 Bf6 24. Ne2 g5 25. Bb5 Rxd2 26. Nxd2 Ne5 27.
Nd4 c6 28. Ne4 Be7 29. Ba4 h6 30. Bc2 Bxa3 31. Re1 1/2-1/2

[Event "RB-2013-0-00235"]
[Site "Lechenicher SchachServer"]
[Date "2013.12.29"]
[Round "?"]
[White "Hatsek, Werner"]
[Black "Mujica, Hector"]
[Result "1/2-1/2"]
[WhiteElo "1895"]
[BlackElo "1808"]
[PlyCount "35"]
[EventDate "2013.12.10"]
[EventType "tourn"]
[EventRounds "6"]
[SourceTitle "OM Corr 202003"]
[Source "Opening Master"]
[SourceDate "2019.05.30"]
[SourceVersion "2"]
[SourceVersionDate "2019.05.30"]
[SourceQuality "1"]

1. e4 e5 2. Nf3 Nc6 3. c3 d5 4. Qa4 Qd6 5. Bb5 Bd7 6. exd5 Qxd5 7. d3 Nf6 8.
O-O a6 9. Bc4 Na5 10. Bxd5 Bxa4 11. c4 Nxd5 12. cxd5 f6 13. Bd2 b6 14. Rc1
O-O-O 15. Bxa5 bxa5 16. Nc3 Bd7 17. a3 Kb8 18. d4 1/2-1/2

[Event "Zaragoza Casablanca op 7th"]
[Site "Zaragoza"]
[Date "2013.12.28"]
[Round "5"]
[White "Nicolas Zapata, Javier"]
[Black "Cruz, Jonathan"]
[Result "0-1"]
[WhiteElo "2114"]
[BlackElo "2468"]
[PlyCount "116"]
[EventDate "2013.12.26"]
[EventType "swiss"]
[EventRounds "9"]
[EventCountry "ESP"]
[SourceTitle "OM OTB B 201907"]
[Source "Opening Master"]
[SourceDate "2019.07.06"]
[SourceVersion "2"]
[SourceVersionDate "2019.07.06"]
[SourceQuality "1"]

1. e4 e5 2. Nf3 Nc6 3. c3 Nf6 4. d4 exd4 5. e5 Ne4 6. Qe2 d5 7. exd6 f5 8. Nbd2
Qxd6 9. Nxe4 fxe4 10. Qxe4+ Qe6 11. Qxe6+ Bxe6 12. Nxd4 Nxd4 13. cxd4 O-O-O 14.
a3 Rxd4 15. Be3 Ra4 16. O-O-O Bd6 17. Bd3 g6 18. Bc2 Rc4 19. Kb1 a6 20. h4 Re8
21. Rd4 Rxd4 22. Bxd4 Bf5 23. Be3 h5 24. Rd1 Bxc2+ 25. Kxc2 Re4 26. Rd4 Rxd4
27. Bxd4 Kd7 28. Kd3 Ke6 29. Ke4 Be7 30. g3 Bd6 31. Be3 Be5 32. Bd4 Bd6 33. Be3
c5 34. a4 c4 35. Bd4 b5 36. axb5 axb5 37. Bg7 Bc7 38. Bd4 Ba5 39. Bc3 Bd8 40.
Bg7 Be7 41. Bh8 Kd6 42. Bd4 Kc6 43. f4 b4 44. f5 gxf5+ 45. Kxf5 Kd5 46. Bg7 Bd6
47. g4 hxg4 48. Kxg4 Be5 49. Bxe5 Kxe5 50. Kg5 c3 51. bxc3 bxc3 52. h5 c2 53.
h6 c1=Q+ 54. Kg6 Qc6+ 55. Kg7 Qd7+ 56. Kg6 Qe6+ 57. Kg7 Qe7+ 58. Kg6 Qf6+ 0-1

[Event "RB-2013-0-00234"]
[Site "Lechenicher SchachServer"]
[Date "2013.12.28"]
[Round "?"]
[White "Hatsek, Werner"]
[Black "Latib, Yunus"]
[Result "1/2-1/2"]
[WhiteElo "1925"]
[BlackElo "1986"]
[PlyCount "71"]
[EventDate "2013.12.03"]
[EventType "tourn"]
[EventRounds "6"]
[SourceTitle "OM Corr 202003"]
[Source "Opening Master"]
[SourceDate "2019.05.30"]
[SourceVersion "2"]
[SourceVersionDate "2019.05.30"]
[SourceQuality "1"]

1. e4 e5 2. Nf3 Nc6 3. c3 d5 4. Qa4 f6 5. d3 Nge7 6. Be2 Be6 7. O-O a6 8. Re1
Qd7 9. Nbd2 g5 10. d4 g4 11. Nh4 Ng6 12. Nf5 Nf4 13. exd5 Nxe2+ 14. Rxe2 Bxd5
15. Ne3 O-O-O 16. dxe5 Nxe5 17. Qxd7+ Rxd7 18. Nxd5 Rxd5 19. b3 Bh6 20. c4 Rd7
21. Nf1 Bxc1 22. Rxc1 Rhd8 23. Rce1 Nd3 24. Ra1 h5 25. Re6 Nf4 26. Re4 Rd4 27.
Rae1 b5 28. cxb5 axb5 29. f3 gxf3 30. gxf3 c5 31. Ng3 Kc7 32. Kf1 Kb6 33. Nf5
Rxe4 34. Rxe4 Rd1+ 35. Kf2 Nd5 36. Re1 1/2-1/2

[Event "RB-2013-0-00234"]
[Site "Lechenicher SchachServer"]
[Date "2013.12.28"]
[Round "?"]
[White "Hatsek, Werner"]
[Black "Wittal, Werner"]
[Result "1/2-1/2"]
[WhiteElo "1925"]
[BlackElo "1930"]
[PlyCount "32"]
[EventDate "2013.12.03"]
[EventType "tourn"]
[EventRounds "6"]
[SourceTitle "OM Corr 202003"]
[Source "Opening Master"]
[SourceDate "2019.05.30"]
[SourceVersion "2"]
[SourceVersionDate "2019.05.30"]
[SourceQuality "1"]

1. e4 e5 2. Nf3 Nc6 3. c3 Nf6 4. d4 Nxe4 5. Bd3 d5 6. Nxe5 Nxe5 7. dxe5 Bc5 8.
O-O Qh4 9. Qe1 O-O 10. Be3 Re8 11. Bxe4 Bxe3 12. Bxh7+ Kxh7 13. Qxe3 Qe4 14.
Qxe4+ dxe4 15. Nd2 Rxe5 16. Rae1 Be6 1/2-1/2

[Event "Wch U14 Girls"]
[Site "Al Ain"]
[Date "2013.12.27"]
[Round "10"]
[White "Bauyrzhan, Arnash"]
[Black "Broly, Mathilde"]
[Result "1-0"]
[WhiteElo "1916"]
[BlackElo "1788"]
[PlyCount "41"]
[EventDate "2013.12.18"]
[EventType "swiss"]
[EventRounds "11"]
[EventCountry "UAE"]
[SourceTitle "CBM 158 Extra"]
[Source "ChessBase"]
[SourceDate "2014.02.28"]
[SourceVersion "1"]
[SourceVersionDate "2014.02.28"]
[SourceQuality "1"]

1. e4 e5 2. Nf3 Nc6 3. c3 Nf6 4. d4 exd4 5. e5 Ng4 6. cxd4 Bb4+ 7. Nc3 d6 8. h3
Nh6 9. Bg5 Qd7 10. Bb5 a6 11. Qa4 Rb8 12. Bxc6 Qxc6 13. Qxb4 Nf5 14. d5 Qd7 15.
g4 h6 16. Bf4 g5 17. Bh2 Ng7 18. exd6 O-O 19. O-O b5 20. Rae1 a5 21. Qc5 1-0

[Event "Wch U12"]
[Site "Al Ain"]
[Date "2013.12.26"]
[Round "9"]
[White "Lisniak, Vladislav"]
[Black "Jain, Gautam"]
[Result "1-0"]
[WhiteElo "1972"]
[BlackElo "1705"]
[PlyCount "107"]
[EventDate "2013.12.18"]
[EventType "swiss"]
[EventRounds "11"]
[EventCountry "UAE"]
[SourceTitle "CBM 158 Extra"]
[Source "ChessBase"]
[SourceDate "2014.02.28"]
[SourceVersion "1"]
[SourceVersionDate "2014.02.28"]
[SourceQuality "1"]

1. e4 e5 2. Nf3 Nc6 3. c3 d5 4. Qa4 f6 5. d3 Nge7 6. Be2 Be6 7. Be3 Nc8 8. exd5
Nb6 9. Qb3 Bxd5 10. Qc2 Be7 11. O-O O-O 12. d4 e4 13. Nfd2 f5 14. c4 Bf7 15. d5
Ne5 16. Bd4 Bf6 17. Bc3 Qd7 18. f4 Ng6 19. Bxf6 gxf6 20. Nb3 Qd6 21. c5 Qxd5
22. cxb6 cxb6 23. Nc3 Qe6 24. Nd4 Qc8 25. g3 Qc5 26. Rfd1 Rfd8 27. Ncb5 a6 28.
Qxc5 bxc5 29. Nc7 cxd4 30. Nxa8 Rxa8 31. Rxd4 Rc8 32. b3 Rc2 33. Bc4 Bxc4 34.
Rxc4 Rxc4 35. bxc4 Ne7 36. Rb1 Nc6 37. Rxb7 Na5 38. Rc7 h6 39. c5 Kf8 40. Ra7
Nc4 41. Rxa6 Ke7 42. Kf2 Nb2 43. Rc6 Nd3+ 44. Ke3 Nb4 45. Rc7+ Kd8 46. Ra7 Nd5+
47. Kd2 Kc8 48. Rh7 Kd8 49. Rxh6 Kc7 50. Rh5 Kc6 51. Rxf5 Kxc5 52. Rxd5+ Kxd5
53. Ke3 f5 54. h4 1-0

[Event "corr freechess"]
[Site "freechess.de"]
[Date "2013.12.25"]
[Round "?"]
[White "Priegnitz, Uwe"]
[Black "Blume, Bjoern"]
[Result "1-0"]
[WhiteElo "1450"]
[BlackElo "1421"]
[PlyCount "55"]
[EventDate "2013.??.??"]
[EventType "tourn (corr)"]
[SourceTitle "OM Corr 202003"]
[Source "Opening Master"]
[SourceDate "2019.05.30"]
[SourceVersion "2"]
[SourceVersionDate "2019.05.30"]
[SourceQuality "1"]

1. e4 e5 2. Nf3 Nc6 3. c3 Nf6 4. Bd3 d5 5. Qc2 Bc5 6. O-O O-O 7. b4 Be7 8. b5
Na5 9. Nxe5 Ng4 10. Nxg4 Bxg4 11. exd5 g6 12. Be4 f5 13. Bd3 Qxd5 14. c4 Qc5
15. Ba3 Qe5 16. Bb2 Qf4 17. Qc3 Bf6 18. Qxa5 Bxb2 19. Nc3 Bxa1 20. Rxa1 Qd4 21.
Bf1 Qxd2 22. f3 Qd4+ 23. Kh1 Bh5 24. Nd5 Qxa1 25. Kg1 Qd4+ 26. Kh1 Qf2 27. Ne7+
Kh8 28. Qc3+ 1-0

[Event "Wch U18 Girls"]
[Site "Al Ain"]
[Date "2013.12.21"]
[Round "4"]
[White "Nikolovska, Dragana"]
[Black "Tran, My Linh"]
[Result "1/2-1/2"]
[WhiteElo "1876"]
[BlackElo "2061"]
[PlyCount "71"]
[EventDate "2013.12.18"]
[EventType "swiss"]
[EventRounds "11"]
[EventCountry "UAE"]
[SourceTitle "CBM 158 Extra"]
[Source "ChessBase"]
[SourceDate "2014.02.28"]
[SourceVersion "1"]
[SourceVersionDate "2014.02.28"]
[SourceQuality "1"]

1. e4 e5 2. Nf3 Nc6 3. c3 d5 4. Qa4 f6 5. Bb5 Nge7 6. exd5 Qxd5 7. O-O Be6 8.
d4 exd4 9. Nxd4 Bd7 10. Rd1 Nxd4 11. Bxd7+ Qxd7 12. Qxd7+ Kxd7 13. Rxd4+ Ke6
14. Bf4 Nf5 15. Rd3 Bd6 16. Bxd6 Nxd6 17. Nd2 Rhe8 18. Re1+ Kf5 19. Ree3 Rxe3
20. Rxe3 Re8 21. Rxe8 Nxe8 22. f3 Nd6 23. Kf2 Ke5 24. Ke3 c5 25. b3 b5 26. c4
bxc4 27. Nxc4+ Nxc4+ 28. bxc4 g5 29. g3 Kf5 30. h3 h6 31. f4 h5 32. fxg5 fxg5
33. Kf3 Ke5 34. Ke3 a6 35. a3 a5 36. a4 1/2-1/2

[Event "Al Ain op 2nd"]
[Site "Al Ain"]
[Date "2013.12.21"]
[Round "3"]
[White "Djuraev, Sokhib"]
[Black "Batchuluun, Tsegmed"]
[Result "0-1"]
[WhiteElo "2355"]
[BlackElo "2528"]
[PlyCount "62"]
[EventDate "2013.12.19"]
[EventType "swiss"]
[EventRounds "9"]
[EventCountry "UAE"]
[SourceTitle "CBM 158 Extra"]
[Source "ChessBase"]
[SourceDate "2014.02.28"]
[SourceVersion "1"]
[SourceVersionDate "2014.02.28"]
[SourceQuality "1"]

1. e4 e5 2. Nf3 Nc6 3. c3 d5 4. Qa4 f6 5. Bb5 Nge7 6. O-O a6 7. exd5 Qxd5 8.
Bc4 Qd6 9. Qb3 e4 10. Bf7+ Kd8 11. Nd4 Nxd4 12. cxd4 Nc6 13. d5 Nd4 14. Qa4 Qe5
15. d3 Bd6 16. g3 Bh3 17. Nc3 Nf3+ 18. Kh1 Bxf1 19. Bf4 Qd4 20. Qxd4 Nxd4 21.
Bxd6 cxd6 22. Rxf1 exd3 23. Rd1 Rf8 24. Bh5 g6 25. Rxd3 Nb5 26. Be2 Nxc3 27.
Rxc3 Rc8 28. Rb3 Rc2 29. Bf1 Kc7 30. Kg2 Re8 31. Bd3 Rc5 0-1

[Event "Zadar op-A 20th"]
[Site "Zadar"]
[Date "2013.12.20"]
[Round "8"]
[White "Cabarkapa, Novak"]
[Black "Blazeka, Matej"]
[Result "1/2-1/2"]
[WhiteElo "2404"]
[BlackElo "2297"]
[PlyCount "24"]
[EventDate "2013.12.15"]
[EventType "swiss"]
[EventRounds "9"]
[EventCountry "CRO"]
[SourceTitle "CBM 158 Extra"]
[Source "ChessBase"]
[SourceDate "2014.02.28"]
[SourceVersion "1"]
[SourceVersionDate "2014.02.28"]
[SourceQuality "1"]

1. e4 e5 2. Nf3 Nc6 3. c3 Nf6 4. d3 d5 5. Nbd2 a5 6. Be2 Bc5 7. O-O O-O 8. exd5
Nxd5 9. Ne4 Be7 10. d4 exd4 11. Nxd4 Nxd4 12. Qxd4 c6 1/2-1/2

[Event "San Antonio del Tachira op"]
[Site "San Antonio del Tachira"]
[Date "2013.12.19"]
[Round "1"]
[White "Navas, Gildardo"]
[Black "Romero Barreto, Jaime Jose"]
[Result "0-1"]
[WhiteElo "1515"]
[BlackElo "2240"]
[PlyCount "38"]
[EventDate "2013.12.19"]
[EventType "swiss"]
[EventRounds "7"]
[EventCountry "VEN"]
[SourceTitle "CBM 158 Extra"]
[Source "ChessBase"]
[SourceDate "2014.02.28"]
[SourceVersion "1"]
[SourceVersionDate "2014.02.28"]
[SourceQuality "1"]

1. e4 e5 2. Nf3 Nc6 3. c3 d5 4. Qc2 dxe4 5. Qxe4 Nf6 6. Qc2 Bg4 7. Be2 e4 8.
Ng1 Bxe2 9. Nxe2 Qd7 10. O-O O-O-O 11. Re1 Bd6 12. a4 Ne5 13. Ng3 Nd3 14. Re3
Bxg3 15. hxg3 Ng4 16. Rxe4 Ngxf2 17. Rd4 Qe6 18. Rxd3 Qe1+ 19. Kh2 Qh1# 0-1